The 'Sea Peoples' of the Late Bronze Age Collapse - Statistics

General Stats
  • This quiz has been taken 42 times
  • The average score is 5 of 9
Answer Stats
Purported origin People % Correct
Siculi Shekelesh
78%
Philistines? Pelasgians? Peleset
74%
Sardinians Sherden
59%
Lycians Lukka
56%
Greeks (Achaeans) Weshesh
48%
Greeks (Danaoi) Denyen
44%
Greeks (Achaeans) Ekwesh
41%
Tyrrhenians Teresh
33%
Teucrians Tjeker
33%
No matching quizzes found
Score Distribution
Percent of People with Each Score
Percentile by Number Answered
Your Score History
You have not taken this quiz